00337nam a2200133 a 4500020001800000082001700018100001900035245002100054260004200075300000800117500003500125650002400160700001900184 a8177557327 00a294.543bAVA aAvalon, Arthur aKarpuradi Stotra aNew Delhi bCosmo Publications c2004 a70p aincludes index and biblioraphy aMeditation-Hinduism1 aAvalon, Arthur